000 00429nam a22001337a 4500
005 20240306095657.0
008 240306b ||||| |||| 00| 0 eng d
040 _cAL
041 _aeng
245 _aFinancing Small Scale Industries with a Case Study on Arya Samaj Road Branch of State Bank of India Mangalore
260 _aMangalore
_bSt Aloysius College
_c1997
700 _aSOANS (Praveen Kumar)
_9153092
942 _2ddc
_cPRO
999 _c230070
_d230070